Формирование области главного максимума дневной ионосферы Венеры по результатам двухчастотного радиопросвечивания (Запись № 6239655)

Подробности
000 -МАРКЕР
контрольное поле 01710nam0a22003131 4500
001 - ИДЕНТИФИКАТОР ЗАПИСИ
контрольное поле rc\2383352
005 - ИДЕНТИФИКАТОР ВЕРСИИ
контрольное поле 20250623005933.0
035 ## - ДРУГИЕ СИСТЕМНЫЕ НОМЕРА
Идентификатор записи (NLR Aleph) 006501866
100 ## - ДАННЫЕ ОБЩЕЙ ОБРАБОТКИ
Данные общей обработки 20110829d1979 |||y0rusy50 ca
101 0# - ЯЗЫК РЕСУРСА
Язык текста, звукозаписи и т.д. русский
102 ## - СТРАНА ПУБЛИКАЦИИ ИЛИ ПРОИЗВОДСТВА
Страна публикации Российская Федерация
105 ## - ПОЛЕ КОДИРОВАННЫХ ДАННЫХ: ТЕКСТОВЫЕ МАТЕРИАЛЫ, МОНОГРАФИЧЕСКИЕ
Кодированные данные о монографическом текстовом документе y z |||||
200 1# - ЗАГЛАВИЕ И СВЕДЕНИЯ ОБ ОТВЕТСТВЕННОСТИ
Основное заглавие Формирование области главного максимума дневной ионосферы Венеры по результатам двухчастотного радиопросвечивания
Сведения, относящиеся к заглавию [На англ. яз.]
-- XXII конф. КОСПАР, Индия
Первые сведения об ответственности А.Л. Гаврик, Г.С. Иванов-Холодный, А.В. Михайлов и др.
210 ## - ПУБЛИКАЦИЯ, РАСПРОСТРАНЕНИЕ И ДР.
Место издания, распространения и т.д. Москва
Имя издателя, распространителя и т. д. Б. и.
Дата издания, распространения и т.д. 1979
215 ## - ФИЗИЧЕСКАЯ ХАРАКТЕРИСТИКА
Специфическое обозначение материала и объем 23 с.
Другие сведения о физической характеристике граф.
Размеры 21
225 1# - СЕРИЯ
Основное заглавие серии АН СССР. Институт радиотехники и электроники
Обозначение тома 7.1.4
300 ## - ОБЩИЕ ПРИМЕЧАНИЯ
Текст примечания Обл. на англ. яз. с загл.: The main maximum region formation in the day-time Venusian ionosphere. The results of dual-frequency occultation experiments. A.L. Gavrik, G.S. Ivanov Kholodny, A.V. Mikhailov ets.
320 ## - ПРИМЕЧАНИЯ О НАЛИЧИИ В ДОКУМЕНТЕ БИБЛИОГРАФИИ / УКАЗАТЕЛЯ
Текст примечания Библиогр.: с. 22-23
517 0# - ДРУГИЕ ВАРИАНТЫ ЗАГЛАВИЯ
Вариант заглавия The main maximum region formation in the day-time Venusian ionosphere
701 #1 - ИМЯ ЛИЦА - АЛЬТЕРНАТИВНАЯ ОТВЕТСТВЕННОСТЬ
Графика поля Кириллица
Материалы, к которым относится поле rus
Начальный элемент ввода Иванов-Холодный
Часть имени, кроме начального элемента ввода Г. С.
Даты 1928-2016
Расширение инициалов личного имени Гор Семенович
Системный номер авторитетной/нормативной записи 229956
Идентификатор авторитетной/нормативной записи RU\NLR\AUTH\770230012
701 #1 - ИМЯ ЛИЦА - АЛЬТЕРНАТИВНАЯ ОТВЕТСТВЕННОСТЬ
Начальный элемент ввода Михайлов
Часть имени, кроме начального элемента ввода А. В.
Дополнения к именам, кроме дат д-р физ.-мат. наук, геофизика
Расширение инициалов личного имени Андрей Валерьевич
Системный номер авторитетной/нормативной записи 230027
Идентификатор авторитетной/нормативной записи RU\NLR\AUTH\770230083
701 #1 - ИМЯ ЛИЦА - АЛЬТЕРНАТИВНАЯ ОТВЕТСТВЕННОСТЬ
Начальный элемент ввода Гаврик
Часть имени, кроме начального элемента ввода А.Л.
801 #0 - ИСТОЧНИК ЗАПИСИ
Страна Российская Федерация
Организация NLR
Правила каталогизации psbo
801 #1 - ИСТОЧНИК ЗАПИСИ
Страна Российская Федерация
Организация ELAR
Источник данных rusmarc
852 ## - МЕСТОНАХОЖДЕНИЕ И ШИФР ХРАНЕНИЯ
Идентификатор организации NLR
Шифр хранения (Call Number) 80-4/47
942 ## - ДОПОЛНИТЕЛЬНЫЕ ЭЛЕМЕНТЫ ЗАПИСИ (АБИС)
Тип экземпляра АБИС Книга
980 ## - КОЛЛЕКЦИЯ
Название коллекции Национальная библиография
Экземпляры
Тип экземпляра Дата поступления Библиотека постоянного хранения Библиотека текущего хранения Место хранения Шифр хранения Штрих-код Статус экземпляра
Книга 26.10.2013 РНБ (Московский) РНБ (Московский) Русский книжный фонд: издания с 1957 года 80-4/47 6501866-10